Sociología de la educación: temas y perspectivas fundamentales
Guardat en:
| Autor principal: | |
|---|---|
| Format: | Llibre |
| Idioma: | espanyol |
| Publicat: |
Córdoba
Brujas
2006
|
| Edició: | 1a. ed |
| Matèries: | |
| Etiquetes: |
Afegir etiqueta
Sense etiquetes, Sigues el primer a etiquetar aquest registre!
|
MARC
| LEADER | 00000cam a2200000 a 4500 | ||
|---|---|---|---|
| 001 | UCG7688 | ||
| 003 | CL-VaPUC | ||
| 008 | 110905e20060000AG |||||||||||||||||spa|d | ||
| 020 | |a 9875910309 | ||
| 082 | 0 | 4 | |a 306.43 |b BRI |2 21 |
| 100 | 0 | |a Brigido, Ana María |e author |9 558197 | |
| 245 | 1 | 0 | |a Sociología de la educación: temas y perspectivas fundamentales |
| 250 | |a 1a. ed | ||
| 300 | |a 326 p | ||
| 942 | |c BK | ||
| 945 | |d 20110905 00:00:00 |a dcastane | ||
| 260 | |a Córdoba |b Brujas |c 2006 | ||
| 650 | 0 | |a Sociología de la educación |9 260380 | |
| 650 | 0 | |a Problemas sociales |9 258537 | |
| 583 | |a last modification |c 20130605 02:26:40 |k Rodrigo Vera | ||
| 999 | |c 345472 |d 345470 | ||
| 952 | |0 0 |1 0 |4 0 |6 306_430000000000000_BRI_2006 |7 0 |8 A |9 444224 |a BIBEDU |b BIBEDU |d 2019-11-22 |i 4790251 |l 1 |o 306.43 BRI 2006 |p 4790251 |r 2023-12-13 |s 2023-12-13 |w 2019-11-22 |y BK |k EPE | ||
| 952 | |0 0 |1 0 |4 0 |6 306_430000000000000_BRI_2006 |7 0 |8 A |9 444225 |a BIBGIM |b BIBGIM |d 2019-11-22 |i 4979257 |l 1 |o 306.43 BRI 2006 |p 4979257 |r 2025-01-15 |s 2024-03-20 |w 2019-11-22 |y BK |k SSL | ||
| 952 | |0 0 |1 0 |4 0 |6 306_430000000000000_BRI_2006 |7 0 |8 A |9 444226 |a BIBGIM |b BIBGIM |d 2019-11-22 |i 4991230 |o 306.43 BRI 2006 |p 4991230 |r 2025-01-15 |w 2019-11-22 |y BK |k SSL | ||
| 952 | |0 0 |1 0 |4 0 |6 306_430000000000000_BRI_2006 |7 0 |8 A |9 444227 |a BIBEDU |b BIBEDU |d 2019-11-22 |i 4992296 |l 1 |o 306.43 BRI 2006 |p 4992296 |r 2023-11-17 |s 2023-11-10 |w 2019-11-22 |y BK |k EPE | ||